New Perspective by Noah Kahan - Lyrics Quiz - Statistics

General Stats
  • This quiz has been taken 269 times
  • The average score is 177 of 222
Answer Stats
Answer % Correct
i
100%
a
98%
no
98%
you
98%
in
97%
it
95%
your
95%
do
94%
the
94%
and
93%
new
93%
down
92%
perspective
92%
now
91%
ooh
91%
to
91%
of
90%
this
88%
calling
87%
Target
87%
got
86%
could
85%
they're
85%
downtown
84%
for
84%
record
84%
intersection
83%
oh
83%
kids
82%
me
82%
town's
82%
back
80%
we
80%
all
79%
get
79%
on
79%
their
79%
two
79%
my
78%
bags
77%
closet
77%
full
77%
paper
77%
were
77%
wind
77%
wish
77%
apartment
76%
is
76%
making
76%
nostalgic
76%
silence
76%
that
76%
clothes
75%
gym
75%
make
75%
attention
74%
big
74%
blows
74%
dirt
74%
drag
74%
drift
74%
sizes
74%
wherever
74%
but
73%
drunk
73%
necks
73%
red
73%
road
73%
if
72%
don't
71%
hard
71%
just
71%
receipts
71%
shut
71%
so
71%
Central
70%
deficit
70%
feel
70%
like
70%
Park
70%
mine's
69%
less
68%
made
68%
Ohio
68%
even
66%
liberal
65%
stupid
64%
i'd
63%
something
63%
crash
62%
high
62%
probably
61%
doubt
55%
can't
54%
fly
54%
word
52%
gave
51%
pronounce
51%
or
49%
our
46%
learn
45%
sure
45%
state
44%
sings
43%
song
43%
bird
42%
key
40%
thing's
34%
shared
27%
No matching quizzes found
Score Distribution
Percent of People with Each Score
Percentile by Number Answered
Your Score History
You have not taken this quiz